| 000 | 00432nam a22001577a 4500 | ||
|---|---|---|---|
| 003 | SISC | ||
| 005 | 20170518151945.0 | ||
| 008 | 170518b xxu||||| |||| 00| 0 eng d | ||
| 020 | _a9781680955514 | ||
| 050 |
_aLB 1027.5 _b.G53 2017 |
||
| 245 | _aGuidance and counselling / | ||
| 260 |
_aUSA : _b3G E-Learning, _c2017. |
||
| 300 |
_aviii, 234 pages : _bcolor illustrations ; _c22 cm. |
||
| 500 | _aIncludes index. | ||
| 942 |
_2lcc _cBK |
||
| 999 |
_c335158 _d335158 |
||